| 000 | 00305nam a2200085Ia 4500 | ||
|---|---|---|---|
| 008 | 220120s9999||||xx |||||||||||||| ||und|| | ||
| 100 |
_aChethana, Harish, Harshith and Harish _912729 |
||
| 245 | 3 | _aAn experimental study on concrete with partial replacement o | |
| 260 |
_aCoorg Institute of Technology _bPonnampet |
||
| 999 |
_c138329 _d138329 |
||